| Tag |
First Indicator |
Second Indicator |
Subfields |
| LEADER |
00000cam a2200000 4500 |
| 001 |
in00000490021 |
| 005 |
20151013052149.0 |
| 008 |
700428r19691891nyuac 00010 eng |
| 010 |
|
|
|a 70090188
|
| 035 |
|
|
|a (OCoLC)00067604
|
| 035 |
|
|
|9 ACB4358AM
|
| 040 |
|
|
|a DLC
|c DLC
|d TXA
|d UtOrBLW
|
| 049 |
|
|
|a TXAM
|c [1183548]
|
| 050 |
0 |
0 |
|a HV8929.F7
|b P822
|
| 082 |
0 |
|
|a 331.5/1/09759
|
| 100 |
1 |
|
|a Powell, J. C.
|
| 245 |
1 |
4 |
|a The American Siberia /
|c [by] J. C. Powell.
|
| 264 |
|
1 |
|a New York :
|b Arno Press,
|c 1969.
|
| 300 |
|
|
|a 355 pages :
|b illustrations, portrait ;
|c 23 cm.
|
| 336 |
|
|
|a text
|b txt
|2 rdacontent
|
| 337 |
|
|
|a unmediated
|b n
|2 rdamedia
|
| 338 |
|
|
|a volume
|b nc
|2 rdacarrier
|
| 490 |
1 |
|
|a Mass violence in America
|
| 500 |
|
|
|a Reprint of the 1891 edition.
|
| 650 |
|
0 |
|a Convict labor
|z Florida.
|
| 830 |
|
0 |
|a Mass violence in America.
|
| 999 |
|
|
|a MARS
|
| 999 |
f |
f |
|s 4d6bd397-864d-3e77-a49e-16bc925bea34
|i ddd47e20-7bd2-3542-b9ce-8c113973aeaf
|t 0
|
| 952 |
f |
f |
|p ric
|a Texas A&M University
|b Rellis Campus
|c Joint Library Facility
|d Remote Storage
|t 0
|e HV8929.F7 P822
|h Library of Congress classification
|i unmediated -- volume
|m A14803044597
|
| 998 |
f |
f |
|a HV8929.F7 P822
|t 0
|l Remote Storage
|